Le rovine di Isis : romanzo /

محفوظ في:
التفاصيل البيبلوغرافية
المؤلف الرئيسي: Bradley, Marion Zimmer (مؤلف)
مؤلفون آخرون: Nati, Maurizio (المترجم)
التنسيق: كتاب
اللغة:الإيطالية
منشور في: Roma : Fanucci, 1998
سلاسل:Il libro d'oro ; 105
الوسوم: إضافة وسم
لا توجد وسوم, كن أول من يضع وسما على هذه التسجيلة!

MARC

LEADER 00000nam a22000007i 4500
001 IT\ICCU\TO0\0713840
003 ItRI
005 20260115231906.0
008 990204s1998 it |||||| ||||| |||||c
020 |a 8834706455 
040 |b ita  |c importazione bologna sebina 
041 7 |a ita  |2 ISO-639-2 
082 |a 813.54  |9 NARRATIVA AMERICANA IN LINGUA INGLESE. 1945-  |2 19 
100 1 |a Bradley, Marion Zimmer  |0 IT\ICCU\CFIV\039273  |4 aut 
240 1 0 |a Ruins of Isis.  |3 IT\ICCU\LO1\0485300  |9 Bradley, Marion Zimmer 
245 1 3 |a Le rovine di Isis :  |b romanzo /  |c M. Zimmer Bradley. 
260 |a Roma :  |b Fanucci,  |c 1998 
300 |a 279 p. ;  |c 22 cm 
500 |a Trad. di Maurizio Nati 
700 1 |a Nati, Maurizio  |0 IT\ICCU\CFIV\086922  |4 trl 
790 1 |a Bradley, M. Zimmer  |3 IT\ICCU\CFIV\372184  |z Bradley, Marion Zimmer 
790 1 |a Zimmer Bradley, Marion  |3 IT\ICCU\CFIV\085142  |z Bradley, Marion Zimmer 
830 3 |a Il libro d'oro ;  |v 105  |0 IT\ICCU\TO0\0830303 
942 |2 ddc  |c BK  |n 0 
952 |0 0  |1 0  |4 0  |6 DOC_813_540000000000000_ZIM  |7 0  |9 15584  |a BO  |b BO  |d 2026-01-15  |i 19988  |l 0  |o DOC 813.54 ZIM  |p BO19988  |r 2026-01-15 23:19:06  |w 2026-01-15  |x [Sebina 5] [1 v.]  |y BK  |z 1 v. 
999 |c 13410  |d 13410